Normal view
MARC view
- Educación
Entry Materia
001 - NÚMERO DE CONTROL DEL REGISTRO
- campo de control: 16986
003 - IDENTIFICADOR DE NUMERO DE CONTROL
- campo de control: DLC
005 - FECHA Y HORA DE LA ÚLTIMA TRANSACCIÓN
- campo de control: 20241104100423.0
008 - DATOS DE LONGITUD FIJA
- campo de control de longitud fija: 241104n||acannbabn n ana |d
010 ## - NÚMERO DE CONTROL DE LA BIBLIOTECA DEL CONGRESO (LC)
- LC control number: sh2009102418
035 ## - NÚMERO DE CONTROL DEL SISTEMA
- Número de control del sistema: UPN10000016994
035 ## - NÚMERO DE CONTROL DEL SISTEMA
- Número de control del sistema: (DLC)416747
035 ## - NÚMERO DE CONTROL DEL SISTEMA
- Número de control del sistema: (DLC)sh2009102418
040 ## - FUENTE DE LA CATALOGACIÓN
- Lengua de catalogación: spa
- Agencia de transcripción: DLC
- Centro catalogador de origen: DLC
- Agencia de modificación: MX-MxUPN
150 ## - ENCABEZAMIENTO - TEMÁTICO
- Término de materia o nombre geográfico como elemento inicial: Educación
- Subdivisión de materia general: Investigación
- Subdivisión geográfica: América Latina
670 ## - FUENTE EN LA QUE SE LOCALIZARON DATOS
- Cita de la fuente: Autoridades LC, 04 noviembre 2024 :
- Información localizada: (Education - Research - Latin America)
- Identificador Uniforme del Recurso: https://lccn.loc.gov/sh2009102418
670 ## - FUENTE EN LA QUE SE LOCALIZARON DATOS
- Cita de la fuente: Autoridades BGTQ, 04 noviembre 2024 :
- Información localizada: (Educación -- Investigación -- América Latina)
902 ## - CATALOGADOR
- Catalogador: MMA/091096
- Catalogador: MaríaRobles/041124
